000 00333nam a22001457a 4500
008 221110b ||||| |||| 00| 0 eng d
020 _a9781426628856
041 _aeng
080 _a612.39
082 _a612.39 TUR
100 _a16.2
101 _aNUTRI
245 _aNUTRITION IT'S YOUR LIFE SCIENE
_cTURLEY J
942 _2udc
_cBK
999 _c58848
_d58848